Alle Torhüter der 1.Bundesliga die selbst min. 1 Tor erzielt haben - Statistiken

Allgemein
  • Dieses Quiz wurde 108 mal gespielt
  • Das Durchschnittsergebnis liegt bei 4 aus 11
Answers on the Grid
Answers color-coded by a green-red scale on the quiz's grid according to % correct below.
Manfred Manglitz
Volkmar Groß
Dieter Burdenski
Richard Golz
Diego Benaglio
Tim Wiese
Wolfgang Kneib
Ralf Zumdick
Andreas Köpke
Sepp Maier
Florian Fromlowitz
Michael Rensing
Jens Lehmann
Jörg Butt
Toni Turek
Yann Sommer
Thomas Kraft
Oliver Reck
Frank Rost
Marwin Hitz
Oliver Kahn
Stefan Klos
Ron-Robert Zieler
 
Antwortstatistiken
Antwort % Korrekt
Jörg Butt
75%
Jens Lehmann
74%
Marwin Hitz
56%
Frank Rost
45%
Oliver Reck
25%
Andreas Köpke
20%
Dieter Burdenski
19%
Manfred Manglitz
18%
Volkmar Groß
10%
Ralf Zumdick
9%
Wolfgang Kneib
5%
Keine übereinstimmenden Quizze gefunden
Verteilung der Resultate
Anzahl Personen mit jedem Resultat
Perzentil nach korrekt beantworteten Fragen
Ihre Resultats-Entwicklung
Sie haben dieses Quiz noch nicht gespielt